Loading...
| Fine Arts - Classical Music | 0 | 7 | 0 | 0 | 70 | 67 | 86.29 | 1 | 5 | 21.40 | 54.67 |
| Science - Physics | 0 | 6 | 0 | 0 | 60 | 48 | 88.00 | 1 | 2 | 16.60 | 32.67 |
| Science - Chemistry | 0 | 5 | 1 | 0 | 45 | 29 | 66.80 | 2 | 3 | 20.36 | 36.17 |
| Science - Biology | 0 | 4 | 2 | 1 | 30 | 59 | 84.25 | 0 | 0 | 9.43 | 13.67 |
| Fine Arts - Other | 0 | 3 | 0 | 0 | 30 | 69 | 106.67 | 0 | 0 | 6.93 | 14.83 |
| Fine Arts - Painting and Sculpture | 0 | 2 | 0 | 0 | 20 | 71 | 87.50 | 0 | 0 | 6.54 | 8.33 |
| Social Science | 0 | 2 | 1 | 0 | 15 | 46 | 60.50 | 1 | 1 | 8.92 | 10.50 |
| Science - Other | 0 | 1 | 0 | 0 | 10 | 124 | 124.00 | 0 | 0 | 0.00 | 2.50 |
| Philosophy | 0 | 1 | 0 | 1 | 10 | 111 | 111.00 | 0 | 0 | 0.00 | 0.83 |
| Religion | 0 | 1 | 0 | 0 | 10 | 95 | 95.00 | 0 | 0 | 1.44 | 3.00 |
| History - World | 0 | 1 | 0 | 0 | 10 | 93 | 93.00 | 0 | 0 | 2.56 | 2.50 |
| Geography | 0 | 1 | 0 | 0 | 10 | 90 | 90.00 | 0 | 0 | 15.12 | 20.00 |
| History - European | 0 | 1 | 1 | 0 | 5 | 128 | 128.00 | 0 | 0 | 0.00 | 0.83 |
| Other Academic | 0 | 0 | 1 | 0 | -5 | 0.00 | 0 | 0 | 0.00 | 0.00 | |
| History - American | 0 | 0 | 2 | 0 | -10 | 0.00 | 0 | 0 | 0.00 | 0.00 |